000 00221nam a22000857a 4500
008 170111b xxu||||| |||| 00| 0 eng d
100 _92346
_aGangal.J.k.etal.
245 _aGrammar English-8
260 _aNew Delhi
_bRanchana
_c2011
999 _c5284
_d5284